| 000 | 01867cam a2200469 i 4500 | ||
|---|---|---|---|
| 001 | 17827320 | ||
| 003 | BJBSDDR | ||
| 005 | 20260427131025.0 | ||
| 007 | ta | ||
| 008 | 130726s2025 nyu bq 000 1 eng | ||
| 020 | _a9780063452060 | ||
| 020 | _a0063452065 | ||
| 035 | _a17827320 | ||
| 040 |
_aDLC _beng _cDLC _erda _dDLC |
||
| 041 | _aeng | ||
| 042 | _apcc | ||
| 043 | _ae-sz--- | ||
| 050 | 1 | 4 |
_aPR 5397 _bS545f 2025 |
| 082 | 0 | 0 | _a823/.7 |
| 100 | 1 |
_aShelley, Mary Wollstonecraft, _d1797-1851. _913850 |
|
| 240 | 1 | 0 | _aFrankenstein |
| 245 | 1 | 0 |
_aFrankenstein or The modern Prometheus / _cby Mary Shelley ; with illustrations by Minalima. |
| 246 | 3 | 0 | _aFrankenstein |
| 246 | 3 | 0 | _aModern Prometheus |
| 264 | 1 |
_aNew York, NY : _bHarper, an imprint of HarperCollins Publishers, _c2025. |
|
| 300 |
_axlii, 405 pages ; _c24 cm. |
||
| 336 |
_atext _2rdacontent |
||
| 337 |
_aunmediated _2rdamedia |
||
| 338 |
_avolume _2rdacarrier |
||
| 520 | _aA deluxe illustrated edition of Mary Shelley's horror classic - the first story in a bold new direction for MinaLima, the renowned design studio behind the graphics for the Harry Potter film franchise - featuring original full-color artwork and interactive elements"-- Provided by publisher | ||
| 600 | 1 | 0 |
_aFrankenstein, Victor _c(Fictitious character) _vFiction. |
| 600 | 0 | 0 |
_aFrankenstein's Monster _c(Fictitious character) _vFiction. |
| 600 | 1 | 4 |
_aFrankenstein, Víctor (Personaje ficticio) _927256 |
| 650 | 0 |
_aScientists _vFiction. |
|
| 650 | 4 |
_aNovela inglesa _91933 |
|
| 650 | 0 |
_aLiteratura y ciencia _916411 |
|
| 650 | 4 |
_aNovela de ciencia ficción _94073 |
|
| 906 |
_a7 _bcbc _corignew _d1 _eecip _f20 _gy-gencatlg |
||
| 942 |
_2lcc _cBK |
||
| 999 |
_c126892 _d126892 |
||